| 000 | 00372cam a22001217a 4500 | ||
|---|---|---|---|
| 008 | 180718b1968 xxu||||| |||| 00| 0 eng d | ||
| 082 | _aA99 N988s/2 | ||
| 100 | _aNyerere, Julius K. | ||
| 245 |
_aFreedom and socialism: a selection from writings and speeches 1965- 1967 _cby Julius K. Nyerere |
||
| 260 |
_aLondon _bOxford _c1968 |
||
| 300 | _axvi, 422p | ||
| 650 | _aSocialism | ||
| 999 |
_c415639 _d415639 |
||